000 01012nam a2200313 i 4500
001 020573545
005 20230125154826.0
008 230125s2016 enka 001|0 eng d
020 _a9781137404213
_qpaperback
041 _aeng
082 0 4 _a620.00711
100 1 _aDavies, John W.,
_eauthor.
245 1 0 _aSkills for engineering and built environment students :
_buniversity to career /
_cJohn W. Davies.
264 1 _aBasingstoke, Hampshire :
_bPalgrave Macmillan,
_c2016.
264 4 _c©2016
300 _aviii, 182 pages :
_billustrations (black and white, and colour) ;
_c24 cm
336 _atext
_2rdacontent
336 _astill image
_2rdacontent
337 _aunmediated
_2rdamedia
338 _avolume
_2rdacarrier
504 _aIncludes bibliographical references and index.
521 _aStudent
650 0 _aBuilt Environment
650 0 _aEngineering
651 _aUnited Kingdom
690 _96307
_aBuilt Environment
942 _n0
999 _c121338
_d121338